000 01276nam a2200121Ia 4500
008 220620s9999||||xx |||||||||||||| ||und||
245 0 _aAdvances in Remote Sensing-based Disaster Monitoring and Assessment
546 _aEnglish[eng]
650 _awildfire||satellite vegetation indices||live fuel moisture||empirical model function||Southern California||chaparral ecosystem||forest fire||forest recovery||satellite remote sensing||vegetation index||burn index||gross primary production||South Korea||land subsidence||PS-InSAR||uneven settlement||building construction||Beijing urban area||floodplain delineation||inaccessible region||machine learning||flash flood||risk||LSSVM||China||Himawari-8||threshold-based algorithm||remote sensing||dryness monitoring||soil moisture||NIR–Red spectral space||Landsat-8||MODIS||Xinjiang province of China||SDE||PE||groundwater level||compressible sediment layer||tropical cyclone formation||WindSat||disaster monitoring||wireless sensor network||debris flow||anomaly detection||deep learning||accelerometer sensor||total precipitable water||Himawari-8 AHI||random forest||deep neural network||XGBoost||n/a
700 _aIm, Jungho||Park, Haemi||Takeuchi, Wataru
856 _uhttps://mdpi.com/books/pdfview/book/3072
942 _cEB
999 _c28137
_d28137